Oral pathology for the dental hygienist with general pathology introductions (Record no. 2548)

MARC details
000 -LEADER
fixed length control field 00393nam a22001457a 4500
008 - FIXED-LENGTH DATA ELEMENTS--GENERAL INFORMATION
fixed length control field 250320b |||||||| |||| 00| 0 eng d
020 ## - INTERNATIONAL STANDARD BOOK NUMBER
ISBN 9780323400626
245 ## - TITLE STATEMENT
Title Oral pathology for the dental hygienist with general pathology introductions
250 ## - EDITION STATEMENT
Edition statement 7th
260 ## - PUBLICATION, DISTRIBUTION, ETC. (IMPRINT)
Place of publication Missouri
Name of publisher Elsevier
Date of publication 2018
300 ## - COLLATION
Pagination xvi,361p
650 ## - TRACINGS
Main Subject Mouth-Diseases
942 ## - ADDED ENTRY ELEMENTS (KOHA)
Item type Books
050 ## - LIBRARY OF CONGRESS CALL NUMBER
Classification number RK307
Item number .O73
Holdings
Source of classification or shelving scheme Not for loan Permanent location Current location Date acquired Accession No. Full call number Barcode. Koha item type
Library of Congress Classification   Medical Library Medical Library 03/20/2025 2024/63614 RK307.O73 2025-0829 Books